| 000 | 01266nam a22003497a 4500 | ||
|---|---|---|---|
| 003 | CHAP | ||
| 005 | 20220329142324.0 | ||
| 008 | 000623d2000 mx a r 00110 spa d | ||
| 010 | _a81692 | ||
| 011 | _a82664 | ||
| 035 | _a93164 | ||
| 040 | _cCHAP | ||
| 090 | _aTesis | ||
| 100 | 0 | 0 |
_aHernández Bravo, Ovilio. _953863 |
| 245 | 1 | 0 |
_aAnálisis fitopatológico en el cultivo de la sábila (Aloe barbadenis M.) bajo diferentes prácticas de manejo en la Comarca Lagunera _c/por Ovilio Hernández Bravo |
| 260 |
_aChapingo, Méx. : _bEl autor, _c2000. |
||
| 300 |
_a62 h. : _bilus. |
||
| 502 | _aTesis (Ing. Agr. en Sistemas Agrícolas de Zonas Aridas) -- UACH. Unidad Regional Universitaria de Zonas Aridas | ||
| 590 |
_aALEPH _b10 _c20130110 _lUCH01 _h1436 |
||
| 590 |
_aBATCH-UPD _b10 _c20130110 _lUCH01 _h1421 |
||
| 590 |
_aBATCH-UPD _b10 _c20130410 _lUCH01 _h0903 |
||
| 590 |
_aBATCH-UPD _b10 _c20130913 _lUCH01 _h1828 |
||
| 590 |
_aCONVERSION _b10 _c20130109 _lUCH01 _h1345 |
||
| 650 | 1 | 4 |
_aAbonos. _9235 |
| 650 | 1 | 4 |
_aAloe vera. _94554 |
| 650 | 1 | 4 |
_aFitopatología. _941161 |
| 901 | _aBK | ||
| 905 | _aAlejandra Carrasco M. | ||
| 942 | _cFOLL | ||
| 949 |
_bBC _cTES _d33724000799672 _eTS2 _fc.2 _h36599 _i93164 _si |
||
| 949 |
_bBC _cTES _d931641 _eTS1 _h36598 _i93164 _sb |
||
| 999 |
_c81692 _d81692 |
||